[Event "Chennai WinTV op 1st"]
[Site "Chennai"]
[Date "2004.01.28"]
[Round "9"]
[White "Karthikeyan, TV."]
[Black "Ashwin, Jayaram"]
[Result "1/2-1/2"]
[WhiteElo "2278"]
[BlackElo "2127"]
[PlyCount "88"]
[EventDate "2004.01.21"]
[EventType "swiss"]
[EventRounds "13"]
[EventCountry "IND"]
[SourceTitle "CBM 098 Extra"]
[Source "ChessBase"]
[SourceDate "2004.03.10"]
[SourceVersion "2"]
[SourceVersionDate "2004.03.10"]
[SourceQuality "1"]

1. f4 d5 2. Nf3 g6 3. b3 Bg7 4. Ne5 Nf6 5. Bb2 0-0 6. e3 Nbd7 7. Be2 c5 8. 0-0 Nxe5 9. Bxe5 Bd7 10. d3 Bc6 11. Nd2 Qd7 12. Qe1 Ne8 13. Qh4 Qe6 14. Qg3 Nd6 15. Bg4 f5 16. Be2 Bxe5 17. fxe5 Nf7 18. d4 b5 19. Nf3 c4 20. h4 Kh8 21. Ng5 Nxg5 22. hxg5 a5 23. Rf4 Qd7 24. Kf2 e6 25. Qh3 Kg8 26. Rh1 Rf7 27. g4 Qe7 28. gxf5 exf5 29. Qg2 c3 30. Rfh4 b4 31. Bb5 Qe6 32. Bd3 a4 33. Qh2 Raa7 34. Rh6 axb3 35. axb3 Rg7 36. Kf3 Qe7 37. Qf4 Bd7 38. Qh4 Be6 39. Rg1 Ra5 40. Kf4 Qa7 41. Rc1 Ra2 42. Qe1 Qa3 43. Rh1 Ra7 44. Rb1 Qa5 1/2-1/2

[Event "Chennai WinTV op 1st"]
[Site "Chennai"]
[Date "2004.01.27"]
[Round "7"]
[White "Karthikeyan, TV."]
[Black "Priya Panneer, Ramachandran"]
[Result "1/2-1/2"]
[WhiteElo "2278"]
[BlackElo "2113"]
[PlyCount "106"]
[EventDate "2004.01.21"]
[EventType "swiss"]
[EventRounds "13"]
[EventCountry "IND"]
[SourceTitle "CBM 098 Extra"]
[Source "ChessBase"]
[SourceDate "2004.03.10"]
[SourceVersion "2"]
[SourceVersionDate "2004.03.10"]
[SourceQuality "1"]

1. b3 d5 2. Bb2 Nf6 3. e3 e6 4. f4 Be7 5. Nf3 0-0 6. Be2 b6 7. 0-0 Nbd7 8. Qe1 Re8 9. Qg3 Bf8 10. d3 Ba6 11. Ne5 Nxe5 12. fxe5 Nd7 13. Nd2 g6 14. Rf2 Bh6 15. Qh3 Bg7 16. Raf1 Rf8 17. Nf3 Qe7 18. c4 c6 19. Qg3 Bh6 20. Bc1 Rac8 21. h4 f5 22. exf6 Nxf6 23. Ng5 Rce8 24. Bb2 e5 25. Bg4 Bxg5 26. hxg5 Nxg4 27. Qxg4 Bc8 28. Rxf8+ Rxf8 29. Rxf8+ Qxf8 30. Qg3 Qf5 31. Bxe5 Qxd3 32. Qf4 Qf5 33. Qd4 Qb1+ 34. Kh2 Qe4 35. Qxe4 dxe4 36. Kg3 b5 37. cxb5 cxb5 38. Kf4 Bb7 39. Bb8 a5 40. Ke5 a4 41. Kd6 axb3 42. axb3 Bc8 43. b4 Bg4 44. Kd5 Kf7 45. Kxe4 Ke6 46. Kd4 Be2 47. Bc7 Bf1 48. g3 Be2 49. e4 Bc4 50. e5 Be2 51. Bd8 Bf1 52. Bf6 Bc4 53. Kc5 Be2 1/2-1/2

[Event "Chennai WinTV op 1st"]
[Site "Chennai"]
[Date "2004.01.22"]
[Round "2"]
[White "Iuldachev, Saidali"]
[Black "Karthikeyan, TV."]
[Result "1-0"]
[WhiteElo "2559"]
[BlackElo "2278"]
[PlyCount "80"]
[EventDate "2004.01.21"]
[EventType "swiss"]
[EventRounds "13"]
[EventCountry "IND"]
[SourceTitle "CBM 098 Extra"]
[Source "ChessBase"]
[SourceDate "2004.03.10"]
[SourceVersion "2"]
[SourceVersionDate "2004.03.10"]
[SourceQuality "1"]

1. e4 e6 2. d3 d5 3. Nd2 Nf6 4. Ngf3 c5 5. g3 Nc6 6. Bg2 Be7 7. 0-0 0-0 8. Re1 b5 9. exd5 exd5 10. d4 c4 11. a4 Bf5 12. Nf1 b4 13. Ne3 Be4 14. Ne5 Rc8 15. f3 Bg6 16. c3 Na5 17. Nxg6 hxg6 18. f4 Nb3 19. Rb1 bxc3 20. bxc3 Re8 21. f5 g5 22. Nc2 Qa5 23. Bd2 Qxa4 24. Bxg5 Qd7 25. Bxf6 Bxf6 26. Ne3 Bg5 27. Nxd5 Rxe1+ 28. Qxe1 Qxf5 29. Rb2 Rd8 30. Re2 Nd2 31. Qxd2 Qxd5 32. Qa2 Qb5 33. h4 Bf6 34. Rb2 Qe8 35. Re2 Qb5 36. Qxa7 Qb1+ 37. Bf1 Qg6 38. Rg2 Re8 39. Bxc4 Re3 40. Bd5 Kh7 1-0

[Event "IND-ch U20"]
[Site "Sivakasi"]
[Date "1999.??.??"]
[Round "?"]
[White "Karthikeyan, TV."]
[Black "Ashish Prakash, Thatte"]
[Result "0-1"]
[WhiteElo "2210"]
[BlackElo "2240"]
[PlyCount "100"]
[EventDate "1999.12.24"]
[EventType "swiss"]
[EventRounds "9"]
[EventCountry "IND"]
[EventCategory "1"]
[SourceTitle "EXT 2003"]
[Source "ChessBase"]
[SourceDate "2002.11.25"]
[SourceVersion "1"]
[SourceVersionDate "2002.11.25"]
[SourceQuality "1"]

1. e4 e6 2. d4 d5 3. Nd2 Nf6 4. e5 Nfd7 5. c3 c5 6. Bd3 Nc6 7. Ngf3 Qb6 8. 0-0 cxd4 9. cxd4 Nxd4 10. Nxd4 Qxd4 11. Nf3 Qb6 12. Qa4 Qb4 13. Qc2 Qc5 14. Qe2 Qb6 15. b4 Be7 16. Be3 Qd8 17. Qc2 Nf8 18. Nd4 Bd7 19. Qb3 Ng6 20. f4 0-0 21. Rac1 Rc8 22. Rce1 Qc7 23. Ne2 Qb8 24. Bd4 f6 25. exf6 Bxf6 26. Bxf6 Rxf6 27. Bxg6 hxg6 28. Qd3 Rc4 29. g3 Bb5 30. Nd4 Rxd4 31. Qxd4 Bxf1 32. Rxf1 Qd6 33. Rc1 Qb6 34. Rc5 Qa6 35. Ra5 Qe2 36. Rxa7 g5 37. Ra8+ Kh7 38. Ra3 gxf4 39. Qd3+ Qxd3 40. Rxd3 fxg3 41. hxg3 Kg6 42. a4 Kf5 43. a5 Ke4 44. Ra3 d4 45. b5 d3 46. a6 bxa6 47. bxa6 d2 48. Ra4+ Ke3 49. Ra3+ Ke2 50. Ra2 Rf7 0-1

[Event "IND-chB 37th"]
[Site "Mumbai"]
[Date "1999.??.??"]
[Round "9"]
[White "Karthikeyan, TV."]
[Black "Deshmukh, Anup"]
[Result "0-1"]
[WhiteElo "2210"]
[BlackElo "2350"]
[PlyCount "74"]
[EventDate "1999.08.17"]
[EventType "swiss"]
[EventRounds "12"]
[EventCountry "IND"]
[SourceTitle "EXT 2002"]
[Source "ChessBase"]
[SourceDate "2001.11.25"]
[SourceVersion "1"]
[SourceVersionDate "2001.11.25"]
[SourceQuality "1"]

1. e4 e5 2. Nf3 Nf6 3. d4 Nxe4 4. Bd3 d5 5. Nxe5 Nd7 6. Nxd7 Bxd7 7. 0-0 Bd6 8. c4 c6 9. Nc3 0-0 10. cxd5 Nxc3 11. bxc3 cxd5 12. Bd2 Qh4 13. f4 Rfe8 14. Qb3 Bc6 15. Rf3 h6 16. Raf1 Re7 17. Rh3 Qg4 18. f5 f6 19. Rhf3 Rae8 20. Bf4 Bxf4 21. Rxf4 Qh5 22. Bb5 Re3 23. Bxc6 bxc6 24. Qb4 Qe2 25. Qc5 Qxa2 26. Qxc6 Re2 27. R4f2 R2e3 28. Re2 Rxe2 29. Rf2 Qb1+ 30. Rf1 Qa2 31. Rf2 Qb1+ 32. Rf1 Qe4 33. Rf3 Kh7 34. h3 Qc2 35. Rg3 Re1+ 36. Kh2 Qb1 37. Rf3 Qb8+ 0-1

[Event "Kolkata Millenium op"]
[Site "Kolkata"]
[Date "1999.??.??"]
[Round "?"]
[White "Sareen, Vishal"]
[Black "Karthikeyan, TV."]
[Result "0-1"]
[WhiteElo "2356"]
[BlackElo "2210"]
[PlyCount "72"]
[EventDate "1999.??.??"]
[EventType "swiss"]
[EventRounds "9"]
[EventCountry "IND"]
[SourceTitle "EXT 2003"]
[Source "ChessBase"]
[SourceDate "2002.11.25"]
[SourceVersion "1"]
[SourceVersionDate "2002.11.25"]
[SourceQuality "1"]

1. c4 e5 2. g3 Nf6 3. Bg2 Nc6 4. a3 d5 5. cxd5 Nxd5 6. d3 Be6 7. Nf3 Be7 8. 0-0 0-0 9. Nc3 f6 10. d4 Nxc3 11. bxc3 e4 12. Nd2 f5 13. e3 Na5 14. Qe2 c5 15. f3 exf3 16. Qxf3 Bf6 17. Rb1 cxd4 18. exd4 Rc8 19. Bb2 Bg5 20. Rf2 Re8 21. Re1 Qd7 22. Rfe2 Bf7 23. Bc1 Rxe2 24. Rxe2 Bf6 25. Bb2 Qb5 26. Nf1 Nc4 27. Bc1 Nd6 28. Rb2 Qa5 29. Rb4 Ne4 30. Bb2 g6 31. g4 b6 32. Qd3 Nd6 33. gxf5 Qxf5 34. Qxf5 gxf5 35. Ne3 Re8 36. Nd5 Re1+ 0-1